| 000 | 00727nac a22002051u 4500 | ||
|---|---|---|---|
| 010 | _a 2006922673 | ||
| 020 | _a0618395997 (pbk.) | ||
| 082 | _a327.1 | ||
| 090 |
_c2258 _d2258 |
||
| 100 | _a20080729 | ||
| 245 | 0 | 4 |
_aThe politics of globalization : _ba reader / _c[edited by] Mark Kesselman. |
| 250 | _a1st ed. | ||
| 260 |
_aBoston : _bHoughton Mifflin Co.,2007 _c2007. |
||
| 300 |
_ax, 514 p. ; _c23 cm. |
||
| 504 | _aIncludes bibliographical references. | ||
| 650 | 0 | _aGlobalization. | |
| 700 | 1 | _aKesselman, Mark. | |
| 942 |
_cBB _k327.1 |
||
| 999 |
_c2258 _d2258 |
||